MARC

LEADER 00000nam0a2200000 4500
001 371496
005 20231102012402.0
020 |a RU  |b 88-19861 
035 |a (RuTPU)RU\TPU\retro\28906 
035 |a RU\TPU\book\283444 
090 |a 371496 
100 |a 20221024d1977 k y0rusy5003 ca 
101 0 |a rus 
102 |a RU 
105 |a y z 001zy 
200 1 |a Химия и технология фурановых соединений  |e [сборник]  |f Краснодарский политехнический институт ; отв. ред. В. Г. Кульневич 
210 |a Краснодар  |c Изд-во Кубанского ГУ  |d 1977 
215 |a 79 с.  |d 20 см 
225 1 |a Научные труды [Кубанского государственного университета]  |v Вып. 256 
320 |a Библиогр. в конце статей 
606 1 |a Фуран, соединения  |x Химия  |2 stltpush  |3 (RuTPU)RU\TPU\subj\17116  |9 42936 
606 1 |a Фуран,соединения  |x Производство  |x Автоматизация  |2 stltpush  |3 (RuTPU)RU\TPU\subj\32476  |9 55014 
610 1 |a фурановые соединения 
610 1 |a гидрофурановые соединения 
610 1 |a полимеры 
610 1 |a промышленное производство 
610 1 |a исследования 
610 1 |a катализаторы 
675 |a 547.72  |z rus  |v 3 
675 |a 661.715  |v 3 
702 1 |a Кульневич  |b В. Г.  |4 340 
712 0 2 |a Краснодарский политехнический институт  |2 stltpush  |3 (RuTPU)RU\TPU\col\5805 
801 0 |a RU  |b RuMRKP  |c 19950417  |g psbo 
801 1 |a RU  |b 63413507  |c 20140515 
801 2 |a RU  |b 63413507  |c 20221024  |g RCR 
942 |c BK